Commonwealth realms - Statistics

General Stats
  • This quiz has been taken 565 times
    264 since last reset
  • The average score is 13 of 15
Answer Stats
Hint Current Commonwealth Realm % Correct
2 Australia
99%
5 Canada
96%
8 New Zealand
96%
15 United Kingdom
93%
1 Antigua and Barbuda
89%
7 Jamaica
89%
14 Tuvalu
88%
3 Bahamas
86%
4 Belize
86%
6 Grenada
84%
10 St Kitts and Nevis
80%
9 Papua New Guinea
78%
12 St Vincent and the Grenadines
77%
11 St Lucia
76%
13 Solomon Islands
73%
No matching quizzes found
Score Distribution
Percent of People with Each Score
Percentile by Number Answered
Your Score History
You have not taken this quiz since the last reset